000
00211 a2200097 4500
001
14357
100
_a
Sabat Hussain
245
_a
Mazi kay Mazar
260
_a
Karachi
_b
Maktaba Daniyal
_c
090
_c
11256
_d
11256
942
_a
NUST-CAE
_c
M
_c
1399
999
_c
249430
_d
249430